Central Library and Information Centre
Sibsagar Girls' College, Sivasagar : Assam

G.K CHESTERTON AND THE TWENTIETH CENTURY ENGLISH ESSAY (Record no. 7922)

MARC details
000 -LEADER
fixed length control field 00481cam a2200193ua 4500
008 - FIXED-LENGTH DATA ELEMENTS--GENERAL INFORMATION
fixed length control field 161117n1974 II |||gr||||Z||||||eng
040 ## - CATALOGING SOURCE
Original cataloging agency MAIN
041 ## - LANGUAGE CODE
-- English
082 ## - DEWEY DECIMAL CLASSIFICATION NUMBER
Classification number 824 DHA
100 ## - MAIN ENTRY--PERSONAL NAME
Personal name DHAR, BANSHI.
245 ## - TITLE STATEMENT
Title G.K CHESTERTON AND THE TWENTIETH CENTURY ENGLISH ESSAY
250 ## - EDITION STATEMENT
Edition statement 1ST.
260 ## - PUBLICATION, DISTRIBUTION, ETC.
Place of publication, distribution, etc. NEW DELHI
Name of publisher, distributor, etc. S.CHAND & COMPANY
Date of publication, distribution, etc. 1974
300 ## - PHYSICAL DESCRIPTION
Extent 189:
Dimensions 21CM.
700 ## - ADDED ENTRY--PERSONAL NAME
Personal name DHAR, BANSHI.,
Relator term AUTHOR.
942 ## - ADDED ENTRY ELEMENTS (KOHA)
Koha item type Books
653 ## - INDEX TERM--UNCONTROLLED
Uncontrolled term English essays
Holdings
Withdrawn status Lost status Damaged status Not for loan Collection code Home library Current library Shelving location Date acquired Full call number Barcode Date last seen Copy number Price effective from Koha item type Public note
        REFENG Central Library and Information Centre Sibsagar Girls College Central Library and Information Centre Sibsagar Girls College ENGLISH REFERENCE RACK 23.06.1998 824 DHA 15263 27.02.2020 1 27.02.2020 Books V


Sibsagar Girl's College © 2020. All rights reserved.
Powered by Koha.
Maintained by Abhijit Borpuzari.